Glimpses of Buddhism, (Record no. 63648)

MARC details
000 -LEADER
fixed length control field 00710cam a22002411 4500
001 - CONTROL NUMBER
control field sa 65004268
003 - CONTROL NUMBER IDENTIFIER
control field DLC
005 - DATE AND TIME OF LATEST TRANSACTION
control field 20260227112129.0
008 - FIXED-LENGTH DATA ELEMENTS--GENERAL INFORMATION
fixed length control field 790425s1961 ii a s000 0 eng
010 ## - LIBRARY OF CONGRESS CONTROL NUMBER
LC control number sa 65004268
025 ## - OVERSEAS ACQUISITION NUMBER
Overseas acquisition number PL480:I-E-3801
035 ## - SYSTEM CONTROL NUMBER
System control number (OCoLC)4897029
040 ## - CATALOGING SOURCE
Original cataloging agency DLC
Transcribing agency NIC
Modifying agency DLC
042 ## - AUTHENTICATION CODE
Authentication code premarc
050 00 - LIBRARY OF CONGRESS CALL NUMBER
Classification number DS485.A55
Item number A3 no. 2
100 1# - MAIN ENTRY--PERSONAL NAME
Personal name Ramesan, N.,
Dates associated with a name 1921-
245 10 - TITLE STATEMENT
Title Glimpses of Buddhism,
Statement of responsibility, etc. by N. Ramesan.
260 ## - PUBLICATION, DISTRIBUTION, ETC.
Place of publication, distribution, etc. [Hyderabad]
Name of publisher, distributor, etc. Govt. of Andhra Pradesh,
Date of publication, distribution, etc. 1961.
300 ## - PHYSICAL DESCRIPTION
Extent xvi, 212, lxxiv p.
Other physical details illus. (part col.)
Dimensions 25 cm.
490 1# - SERIES STATEMENT
Series statement Andhra Pradesh Government archaeological series,
Volume/sequential designation no. 2
650 #0 - SUBJECT ADDED ENTRY--TOPICAL TERM
Topical term or geographic name entry element Buddhism.
830 #0 - SERIES ADDED ENTRY--UNIFORM TITLE
Uniform title Arch. series ;
Volume/sequential designation no. 2.

No items available.

Powered by Koha